Španělský marketing

Španieli ako segment celoeurópskeho trhu. Vývoj španielskej ekonomiky. Španielsky trh. Španielsko ako inšpirácia pre české podniky.

Saved in:
Bibliographic Details
Main Author: Brodský, Zdeněk
Other Authors: Lampreia, Pedro
Format: Book Chapter
Language:Czech
Subjects:
Tags: Add Tag
No Tags, Be the first to tag this record!

MARC

LEADER 00000naa a2200000 4500
001 r049313
005 20231004100836.0
041 0 |a cze 
044 |a CZ 
245 1 0 |a Španělský marketing  |c Zdeněk Brodský, Pedro Lampreia 
520 |a Španieli ako segment celoeurópskeho trhu. Vývoj španielskej ekonomiky. Španielsky trh. Španielsko ako inšpirácia pre české podniky. 
610 2 0 |a marketing 
610 2 0 |a Španielsko 
610 2 0 |a kultúra 
610 2 0 |a história 
610 2 0 |a situácia hospodárska 
610 2 0 |a zvyklosti obchodné 
610 2 0 |a Česko 
610 2 0 |a podnik 
100 1 |a Brodský, Zdeněk 
700 1 |a Lampreia, Pedro